ბათუმის შოთა რუსთაველის სახელმწიფო უნივერსიტეტის ბიბლიოთეკა

რესტორნის მენეჯმენტი : (ბიბ.ჩანაწერი № 34772)

000 -ლიდერი
ფიქსირებული სიგრძის საკონტროლო ველი 01370nam a2200301Ia 4500
001 - საკონტროლო ნომერი
საკონტროლო ველი 582
003 - საკონტროლო ნომრის იდენტიფიკატორი
საკონტროლო ველი GE_BSU
005 - ბოლო ოპერაციის თარიღი და დრო
საკონტროლო ველი 20230601120906.0
008 - ფიქსირებული სიგრძის მონაცემთა ელემენტები - ზოგადი ინფორმაცია
ფიქსირებული სიგრძის საკონტროლო ველი 181216s2009||||ge |||||||||||||| ||geo||
020 ## - წიგნის საერთაშორისო სტანდარტული ნომერი
International Standard Book Number 9789941145995
040 ## - კატალოგიზაციის წყარო
Transcribing agency GE_BSU
041 ## - ენის კოდი
Language code of text/sound track or separate title geo
080 ## - უნივერსალური ათობითი კლასიფიკაციის ინდექსი
Universal Decimal Classification number 005(075.8)+338.488.2:640.43(075.8) ბ-48
100 ## - მთავარი ჩანაწერი - პიროვნების სახელი
Personal name ბენიძე, თ.
9 (RLIN) 18386
245 ## - ცნობა სათაურის შესახებ
Title რესტორნის მენეჯმენტი :
Remainder of title [სახელმძღვ. სტუდ.] /
Statement of responsibility, etc თ. ბენიძე, მ. ვასაძე, ლ. ჯიჯელავა; [კ. არაბულის საერთო რედ.]; სტუ.
264 ## - წარმოების, გამოცემის, დისტრიბუციის და სხვა ცნობები
გამოცემის, წარმოების, დისტრიბუციის... ადგილი თბილისი :
გამოცემის, წარმოების, დისტრიბუციის... სახელწოდება საქ. ტექნიკური უნ-ტი,
გამოცემის, წარმოების, დისტრიბუციის... თარიღი 2009.
300 ## - ფიზიკური აღწერა
Extent 165 გვ.
Other physical details ცხრ. ;
Dimensions 29სმ.
501 ## - შენიშვნა თანმხლებ მასალაზე
With note დანართები: გვ. 111-158.
504 ## - BIBLIOGRAPHY, ETC. NOTE
Bibliography, etc ბიბლიოგრ.: გვ. 159.
653 ## - INDEX TERM--UNCONTROLLED
Uncontrolled term მენეჯმენტი
653 ## - INDEX TERM--UNCONTROLLED
Uncontrolled term რესტორნის მენეჯმენტი
653 ## - INDEX TERM--UNCONTROLLED
Uncontrolled term სარესტორნო ბიზნესი
700 ## - ADDED ENTRY--PERSONAL NAME
Personal name ვასაძე, ლ.
Relator term ავტორი
9 (RLIN) 18387
700 ## - ADDED ENTRY--PERSONAL NAME
Personal name ჯიჯელავა, ლ.
Relator term ავტორი
9 (RLIN) 18388
700 ## - ADDED ENTRY--PERSONAL NAME
Personal name არაბული, კ.
Relator term რედაქტორი
9 (RLIN) 18389
942 ## - ADDED ENTRY ELEMENTS (KOHA)
Koha item type წიგნი
Source of classification or shelving scheme
ეგზემპლარები
ჩამოწერის სტატუსი დაკარგული ეგზემპლარის სტატუსი კლასიფიკაციის წყარო ან თაროზე გაწყობის სქემა დაზიანების სტატუსი არ გაიცემა მუდმივი მდებარეობა (დაცვის ადგილი) ამჟამინდელი ადგილსამყოფელი თაროზე განთავსების ადგილი შეძენის თარიღი ღირებულება, შესყიდვის ნორმალური ფასი სრული შენახვის შიფრი შტრიხკოდი ბოლო ოპერაციის თარიღი ეგზემპლარის მიმდევრობითი ნომერი (კეტერი?) ფასის ძალაში შესვლის თარიღი ეგზემპლარის სახეობა საჯარო შენიშვნა
          ბათუმის შოთა რუსთაველის სახელმწიფო უნივერსიტეტის მთავარი ბიბლიოთეკა ბათუმის შოთა რუსთაველის სახელმწიფო უნივერსიტეტის მთავარი ბიბლიოთეკა წიგნსაცავი 2018-12-17 12.00 005(075.8)+338.488.2:640.43(075.8) ბ-48 1014 2018-12-17 1014 2018-12-17 წიგნი 12 ლ.